Teória a prax platobnej schopnosti poisťovní dizertačná práca

Saved in:
Bibliographic Details
Main Author: Chovan, Pavel
Corporate Author: Národohospodárska fakulta EU. Katedra poisťovníctva
Other Authors: Háčik, Vladimír
Format: Book
Language:Slovak
Published: Bratislava 2001
Subjects:
Tags: Add Tag
No Tags, Be the first to tag this record!

MARC

LEADER 00000nam a2200000 4500
001 c128846
005 20240104092318.6
041 0 |a slo 
044 |a SK 
245 1 0 |a Teória a prax platobnej schopnosti poisťovní  |b dizertačná práca  |c Pavel Chovan ; školiteľ: Vladimír Háčik 
264 1 |a Bratislava  |c 2001 
300 |a 123 s.  |e autoreferát 
610 2 0 |a poisťovne 
610 2 0 |a poisťovníctvo 
610 2 0 |a trh poistný 
610 2 0 |a rezervy poistné 
610 2 0 |a poistenci 
610 2 0 |a poistenie 
610 2 0 |a poisťovatelia 
610 2 0 |a poistné 
610 2 0 |a poistníci 
610 2 0 |a solventnosť 
610 2 0 |a poistenie životné 
610 2 0 |a poistenie neživotné 
610 2 0 |a poistenie úverové 
610 2 0 |a plnenie poistné 
100 1 |a Chovan, Pavel 
700 1 |a Háčik, Vladimír 
710 2 |a Národohospodárska fakulta EU. Katedra poisťovníctva